Quizzes
Events
Quiz Creation
Community
Videos
Private Events
Remove Ads
Sign In
Join for FREE
Feedback
Dark Mode
Quiz Categories
Sports
Geography
Music
Movies
Television
Just For Fun
Miscellaneous
History
Literature
Language
Science
Gaming
Entertainment
Religion
Holiday
For Kids
Quiz Lab
Recent
Popular Today
Quiz Kudos Today
Editor Picks
Curator Picks
Quizzes by...
Day
Popularity
Type
Ratings
Length
Year
Community
Subscriptions
Recent Discussions
Orange Saloon
Badges
Playlists
Quests
Create
Leaderboards
Showdown
Live 5
Trivia Bingo
Activity
Puzzle Library
Sporcle Events
Private Events
Virtual Trivia
Globe League
Become a Host
Pub Owners
SporcleCon
Opinionation
Our Games
Videos
Blog
Mobile Apps
Partnerships
Remove Ads and Go Orange
Feedback
Sports
Athletes
MLB
NBA
NHL
NFL
Soccer
Sports Teams
WWE
NCAA
Football
Premier League
Basketball
Baseball
Hockey
Golf
Tennis
Cricket
Rugby
Auto Racing
Olympics
World Cup
Sports
Athletes
MLB
NBA
NHL
NFL
Soccer
Sports Teams
WWE
NCAA
Football
Premier League
Basketball
Baseball
Hockey
Golf
Tennis
Cricket
Rugby
Auto Racing
Olympics
World Cup
Random Quiz
Search Sporcle
×
Quiz Lab
Quiz Lab
Sports
Football
Type in answers that appear in a list
Type in answers that appear in a list
Classic
Best Score? Go Orange.
Tippeligaen All Time Stats
Can you name the Norwegian football teams that have participated in Tippeligaen?
By
Lampehus
7m
31 Questions
1,956 Plays
1,956 Plays
1,956 Plays
Comments
Comments
Give Quiz Kudos
Give Quiz Kudos
-
- Ratings
hide this ad
More Info
Replay
Link that replays current quiz
Next Quiz
Link to next quiz in quiz playlist
You Got
0%
They Got
Avg Score
79%
Avg Friend Score
Upgrade to see
Score Distribution
Jump to the score distribution portion of the page
Score
0/31
Timer
07:00
0
Plays Today
Seasons
Team
% Correct
28
Rosenborg
98.4%
27
Brann
96.1%
26
Molde
95.8%
26
Tromsø
94.9%
28
Viking
94.7%
28
Lillestrøm
94.3%
23
Vålerenga
93.8%
18
Bodø Glimt
92%
18
Odd Grenland
88.4%
13
Lyn
88.2%
19
Start
88.2%
13
Aalesund
87.7%
8
Fredrikstad
87.5%
8
Ham Kam
84.7%
19
Strømsgodset
84.7%
6
Sarpsborg 08
84.7%
Seasons
Team
% Correct
21
Stabæk
82.7%
11
Haugesund
82%
15
Sogndal
80.1%
1
Kristiansund
77.5%
7
Moss
76.8%
6
Sandefjord
73.4%
11
Kongsvinger
73.3%
2
Mjøndalen
73%
3
Skeid
67%
3
Sandnes Ulf
66.7%
4
Bryne
65.5%
3
Hønefoss
63.6%
1
Hødd
63%
1
Strindheim
48.3%
3
Fyllingen
45.5%
Quiz Playlist
Details
Report
Send in Message
Add To Playlist
More Info:
Can you name all the teams that have participated in Tippeligaen, The Norwegian "Premier League", since 1990?
Classic:
Type in answers that appear in a list
Quiz Source
Last Updated: May 19, 2017
Quiz Scoreboard
CHALLENGE
Sign Up to Join the Scoreboard
Show All
Scores
Hide
Comments
May contain spoilers
Recently Published
Alphabetical 'K' Countries by Flag Minefield
by ylime102
Geography
3m
Pick 6: Fruits
by JohnFran
Miscellaneous
15s
Click the 1999 NBA Draft
by nibperrychub
Sports
2m
More to Explore
Quiz From the Vault
Featured Blog Post
15 Basketball Trivia Facts You Can Be March Mad About
hide this ad
You Might Also Like...
Tags
Football Quiz
Soccer Quiz
1991
Norway
Norwegian
Norwegian Football
Norwegian Tippeligaen
Rosenborg BK
tippeliga
tippeligaen
Today's Top Quizzes in Sports
Browse Sports
hide this ad
Today's Top Quizzes in Football
Browse Football
Top Contributed Quizzes in Sports
1
Les joueurs à 100 buts en Ligue 1 Uber Eats
2
Pick 6: NFL Teams
3
MLB 2 truths and a lie: Hall of Fame pitchers
4
Criteria MLB: Left Handed Sluggers
5
2022 World Cup Stars
6
Don't Strike Out: 3000 Strikeouts
7
Millionaire: NBA Finals Edition
8
Pick 6: Minor League Baseball
9
Click the 1998 NBA Draft
10
Pick 6: Olympics
Explore More
Trending Topics
Disney
Marvel
Harry Potter
NBA
Kpop
Anime
Crossword
Puzzle
Song
Pokémon
The Office
NFL
Soccer
Country
WWE
hide this ad
More By:
Lampehus
Quiz
Plays
Rating
Category
Featured
Created
All 104 Cities of Norway
3,862
4.80
Geography
Nov 28, 2010
Tippeligaen All Time
1,956
5.00
Sports
Jan 23, 2011
Winners of the Danish Football League
1,148
4.60
Sports
Feb 23, 2011
Tippeliga XIs: Brann
1,000
5.00
Sports
May 20, 2012
Norwegian Male Names
790
4.50
Miscellaneous
Nov 16, 2012
Go to Creator's Profile
Score Distribution
Quiz Creator Spotlight
Lampehus
Follow
Send a Message
Quizzes Created
-
Created Quiz Play Count
-
More By This Creator
Popular Quizzes Today
1
Countries of Asia Without Outlines Minefield
2
Find the US States - No Outlines Minefield
3
Pick 6: Fruits
4
Alphabetical 'K' Countries by Flag Minefield
5
The Countries of the World
6
Find the US States
7
US States
8
Match the Book to the Film X
More Sports Quizzes
The FC Copenhagen Quiz
Editor's Pick
Trending Quizzes
Pick 6: Mountains
Pick 6: Harry Potter
Pick 6: NFL Teams
Pick 6: Movie Franchises
Pick 6: Golfers
Recently Updated
NWSL Teams
pecheneg
Women's Final Four Teams by Year
bhenderson79
Presidents Quartet II
eogle
Anything But Clue(do)
eogle
Anything But Oceanian Capitals
eogle
Anything But 7
eogle
Anything But Thing
eogle
Word Ladder: February 29
pecheneg
Song Title Questions
pecheneg
Women's NCAA Tournament #1 Seeds
pecheneg
Trending Topics
NBA
Crossword
Anime
Disney
Marvel
Kpop
Harry Potter
The Office
Song
Country
Puzzle
Pokémon
WWE
NFL
Soccer
Your Account Isn't Verified!
In order to create a playlist on Sporcle, you need to verify the email address you used during registration. Go to your
Sporcle Settings
to finish the process.
Report this User
Report this user for behavior that violates our
Community Guidelines
.
Details:
Send Report
Go to the Sporcle.com Mobile Site →
Comments